000 02069nam a2200373 a 4500
001 ebr10557614
003 CaPaEBR
006 m u
007 cr cn|||||||||
008 110624s2012 dcuab sb 001 0 eng d
010 _z 2011026554
020 _z9781597269711 (cloth : alk. paper)
020 _z1597269719 (cloth : alk. paper)
020 _z9781597269728 (pbk. : alk. paper)
020 _z1597269727 (pbk. : alk. paper)
020 _z9781610911740 (e-book)
040 _aCaPaEBR
_cCaPaEBR
035 _a(OCoLC)777548498
050 1 4 _aHE4211
_b.W27 2012eb
082 0 4 _a388.4
_223
100 1 _aWalker, Jarrett,
_d1962-
245 1 0 _aHuman transit
_h[electronic resource] :
_bhow clearer thinking about public transit can enrich our communities and our lives /
_cJarrett Walker ; illustrations by Eric Orozco ... [et al.].
260 _aWashington, D.C. :
_bIsland Press,
_c2012.
300 _ax, 244 p. :
_bill., maps.
504 _aIncludes bibliographical references and index.
505 0 _aWhat transit is and does -- What makes transit useful? Seven demands and how transit serves them -- Five paths to confusion -- Lines, loops, and longing -- Touching the city: stops and stations -- Peak or all day? -- Frequency is freedom -- The obstacle course: speed, delay, and reliability -- Density distractions -- Ridership or coverage? The challenge of service allocation -- Can fares be fair? -- Connections or complexity? -- From connections to networks to places -- Be on the way! Transit implications of location choice -- On the boulevard -- Take the long view.
533 _aElectronic reproduction.
_bPalo Alto, Calif. :
_cebrary,
_d2011.
_nAvailable via World Wide Web.
_nAccess may be limited to ebrary affiliated libraries.
650 0 _aLocal transit.
650 0 _aCity planning.
650 0 _aCommunity development.
655 7 _aElectronic books.
_2local
710 2 _aebrary, Inc.
856 4 0 _uhttp://site.ebrary.com/lib/rucke/Doc?id=10557614
_zAn electronic book accessible through the World Wide Web; click to view
999 _c190583
_d190583